000 00483nam a2200181Ia 4500
005 20250423101505.0
008 250422s9999 xx 000 0 und d
020 _a0684802023
050 _aHG 179 .M658/
100 _aMorris, Kenneth M.
245 4 _aThe wall street journal guide to planning your financial future
260 _aNew York
260 _bLightbulb Press
260 _c1995
300 _a187 p
650 _aFinance, Personal. Financial security.
942 _cBK
999 _c36437
_d36437